Le contrat dans le droit continental et en particulier dans le droit français et italien (Record no. 1568)
[ view plain ]
| 000 -LEADER | |
|---|---|
| fixed length control field | 01244cam a22003611 4500 |
| 001 - CONTROL NUMBER | |
| control field | data |
| 005 - DATE AND TIME OF LATEST TRANSACTION | |
| control field | 20260322212106.0 |
| 008 - FIXED-LENGTH DATA ELEMENTS--GENERAL INFORMATION | |
| fixed length control field | data |
| 035 ## - SYSTEM CONTROL NUMBER | |
| System control number | 7022206 |
| 010 ## - LIBRARY OF CONGRESS CONTROL NUMBER | |
| LC control number | 60026054 |
| 035 ## - SYSTEM CONTROL NUMBER | |
| -- | (DLC) 60026054 |
| 035 ## - SYSTEM CONTROL NUMBER | |
| System control number | (OCoLC)5729203 |
| 040 ## - CATALOGING SOURCE | |
| Original cataloging agency | DLC |
| Transcribing agency | ViU-L |
| Modifying agency | DLC |
| 042 ## - AUTHENTICATION CODE | |
| Authentication code | premarc |
| 050 00 - LIBRARY OF CONGRESS CALL NUMBER | |
| Classification number | KJC1720 |
| Item number | .G67 1958 |
| 100 1# - MAIN ENTRY--PERSONAL NAME | |
| Personal name | Gorla, Gino. |
| 245 03 - TITLE STATEMENT | |
| Title | Le contrat dans le droit continental et en particulier dans le droit français et italien |
| Statement of responsibility, etc. | (résumé d'un cours) |
| 260 ## - PUBLICATION, DISTRIBUTION, ETC. | |
| Place of publication, distribution, etc. | Turin, |
| Name of publisher, distributor, etc. | Institut universitaire d'études européennes, |
| Date of publication, distribution, etc. | 1958. |
| 300 ## - PHYSICAL DESCRIPTION | |
| Extent | vii, 196 p. |
| Dimensions | 24 cm. |
| 336 ## - CONTENT TYPE | |
| Content type term | text |
| Content type code | txt |
| Source | rdacontent |
| 337 ## - MEDIA TYPE | |
| Media type term | unmediated |
| Media type code | n |
| Source | rdamedia |
| 338 ## - CARRIER TYPE | |
| Carrier type term | volume |
| Carrier type code | nc |
| Source | rdacarrier |
| 490 1# - SERIES STATEMENT | |
| Series statement | Institut universitaire d'études européennes. [Publications] 4 |
| 650 #0 - SUBJECT ADDED ENTRY--TOPICAL TERM | |
| Topical term or geographic name entry element | Contracts. |
| 650 #0 - SUBJECT ADDED ENTRY--TOPICAL TERM | |
| Topical term or geographic name entry element | Contracts |
| Geographic subdivision | France. |
| 650 #0 - SUBJECT ADDED ENTRY--TOPICAL TERM | |
| Topical term or geographic name entry element | Contracts |
| Geographic subdivision | Italy. |
| 810 2# - SERIES ADDED ENTRY--CORPORATE NAME | |
| Corporate name or jurisdiction name as entry element | Istituto universitario di studi europei (Turin, Italy). |
| Title of a work | [Publications] ; |
| Volume/sequential designation | 4. |
| 906 ## - LOCAL DATA ELEMENT F, LDF (RLIN) | |
| a | 7 |
| b | cbc |
| c | oclcrpl |
| d | u |
| e | ncip |
| f | 19 |
| g | y-gencatlg |
| 985 ## - | |
| -- | OCLC REPLACEMENT cdsdistr |
| 991 ## - | |
| -- | c-LL |
| -- | LAW <General "Gorl"> |
| -- | Copy 1 |
| -- | OCLCREP |
| Withdrawn status | Lost status | Damaged status | Not for loan | Home library | Current library | Shelving location | Date acquired | Total checkouts | Full call number | Barcode | Date last seen | Price effective from | Koha item type |
|---|---|---|---|---|---|---|---|---|---|---|---|---|---|
| Liberty | Liberty | General stacks | 22/03/2026 | KJC1720 | LOC-LPL-00031 | 22/03/2026 | 22/03/2026 | Books |